The Flinders Petrie papyri : with transcriptions, commentaries and index /

محفوظ في:

المؤلف الرئيسي: Mahaffy, J. P. 1839-1919 (مؤلف)

مؤلفون آخرون: Petrie, W. M. Flinders 1853-1942.

التنسيق: كتاب

اللغة: English

منشور في: Cambridge, NY : Cambridge University Press, 2013.

سلاسل: Cunningham memoir ; 8, 9, 11.

الموضوعات:

الوسوم: إضافة وسم

لا توجد وسوم, كن أول من يضع وسما على هذه التسجيلة!

رقم الطلب: PA3315 .F2 M2 2013 v.1-3

LEADER 01124nam a22002897a 4500
003 OSt
005 20250929090200.0
008 250929t2013 nyuah 001 0 eng d
020 |a 9781108067997 
040 |c ARCE Library 
043 |a f-ua--- 
050 1 4 |a PA3315 .F2   |b M2 2013 v.1-3 
100 1 |a Mahaffy, J. P.  |q (John Pentland),  |d 1839-1919,  |e author  |9 35126 
245 1 4 |a The Flinders Petrie papyri :  |b with transcriptions, commentaries and index /  |c by John P. Mahaffy. 
264 1 |a Cambridge, NY :   |b Cambridge University Press,   |c 2013. 
300 |a 3 volumes :   |b illustrations, facsims. ;   |c 30 cm. 
490 1 |a Cunningham memoir ;  |v 8, 9, 11. 
500 |a Includes indexes. 
500 |a Reprint from original 1891-1905. 
546 |a Greek texts with English translations, and commentaries in English. 
650 0 |a Manuscripts, Greek (Papyri)  |z Egypt  |z Gurob (Extinct city) 
651 0 |a Gurob (Extinct city)  |x History  |v Sources. 
700 1 |a Petrie, W. M. Flinders  |q (William Matthew Flinders),  |d 1853-1942. 
830 0 |a Cunningham memoir ;   |v 8, 9, 11.  
901 |a reviewed 
942 |c BK  |2 lcc 
999 |c 23634  |d 23634